| 000 | 01154nam0a22002891 4500 | ||
|---|---|---|---|
| 001 | rc\3191642 | ||
| 005 | 20250530100412.0 | ||
| 021 |
_aRU _b[75-92952] |
||
| 035 | _a(NLR Aleph) 007351503 | ||
| 090 |
_a6213812 _c6213812 |
||
| 100 | _a20120628d1975 |||y0rusy50 ca | ||
| 101 | 0 | _arus | |
| 102 | _aRU | ||
| 105 | _aa z ||||| | ||
| 200 | 1 |
_aМосковский ордена Ленина энергетический институт _eМЭИ 1905-1975 _f[Проф. М.Г. Чиликин, доценты Я.А. Шнейберг и С.А. Яхонтов и др. _gРед. коллегия: М.Г. Чиликин (пред.) и др.] |
|
| 210 |
_aМосква _cЭнергия _d1975 |
||
| 215 |
_a240 с., 24 л. ил. _d25 |
||
| 606 |
_aЭнергетические институты _yМосква _2psbo |
||
| 701 | 1 |
_aШнейберг _bА. |
|
| 701 | 1 |
_4340 _7ca _8rus _aЧиликин _bМ. Г. _f1909-1977 _gМихаил Григорьевич _9240682 _3RU\NLR\AUTH\770240738 |
|
| 701 | 1 |
_aЯхонтов _bС.А. |
|
| 801 | 0 |
_aRU _bNLR _gpsbo |
|
| 801 | 1 |
_aRU _bELAR _2rusmarc |
|
| 852 |
_aNLR _j76-7/33 |
||
| 942 | _cBOOK | ||
| 980 | _aNB | ||